[Event "Nimzo Craze"]
[Site "SchemingMind.com"]
[Date "2007.08.05"]
[Round "-"]
[White "_keyes"]
[Black "pompey"]
[Result "0-1"]
[WhiteCountry "ENG"]
[BlackCountry "ENG"]
[WhiteElo "1889"]
[WhiteRD "78"]
[BlackElo "2435"]
[BlackRD "110"]
[GameID "115030"]

1. d4 Nf6 2. c4 e6 3. Nc3 Bb4 4. e3 O-O 5. Ne2 d5 6. a3 Be7 7. cxd5 exd5 8. Nf4 c6 9. Bd3 Bd6 10. Nfe2 Re8
11. Qc2 Nbd7 12. Ng3 Nf8 13. Bd2 Ng4 14. Nd1 Qh4 15. Bf5 Nxh2 16. Bxc8 Raxc8 17. Nf5 Nf3+ 18. gxf3 Qxh1+ 19. Ke2 Ne6 20. e4 dxe4
21. fxe4 g6
0-1

[Event "Nimzo Craze"]
[Site "SchemingMind.com"]
[Date "2007.08.03"]
[Round "-"]
[White "carosoko"]
[Black "pompey"]
[Result "0-1"]
[WhiteCountry "BEL"]
[BlackCountry "ENG"]
[WhiteElo "1699"]
[WhiteRD "80"]
[BlackElo "2383"]
[BlackRD "116"]
[GameID "115031"]

1. d4 Nf6 2. c4 e6 3. Nc3 Bb4 4. a3 Bxc3+ 5. bxc3 O-O 6. f3 d5 7. cxd5 exd5 8. Bg5 Re8 9. Qb3 c5 10. Nh3 Nc6
11. Bxf6 Qxf6 12. Nf2 cxd4 13. Qxd5 Bf5
0-1

[Event "Nimzo Craze"]
[Site "SchemingMind.com"]
[Date "2007.08.05"]
[Round "-"]
[White "Lazaro"]
[Black "pompey"]
[Result "0-1"]
[WhiteCountry "CUB"]
[BlackCountry "ENG"]
[WhiteElo "1902"]
[WhiteRD "58"]
[BlackElo "2435"]
[BlackRD "110"]
[GameID "115032"]

1. d4 Nf6 2. c4 e6 3. Nc3 Bb4 4. e3 O-O 5. Bd3 d5 6. Ne2 dxc4 7. Bxc4 b6 8. O-O c5 9. a3 Bxc3 10. bxc3= Bb7
11. Ng3 Nc6 12. Bb2 Na5 13. Ba2 Bd5 14. Bxd5 Qxd5 15. Qe2 Rac8 16. Rfd1 Qb3 17. Nf1 cxd4 18. exd4 Nc4 19. Rab1 Nxb2 20. Qxb2 Qxb2
21. Rxb2 Rxc3 22. Ra2 Nd5 23. g3 Rd8 24. Rdd2 Kf8 25. Rdc2 Rdc8 26. Rxc3 Rxc3 27. a4 Ke7 28. a5 b5
0-1

[Event "Nimzo Craze"]
[Site "SchemingMind.com"]
[Date "2007.08.03"]
[Round "-"]
[White "imhotep"]
[Black "pompey"]
[Result "0-1"]
[WhiteCountry "HUN"]
[BlackCountry "ENG"]
[WhiteElo "1807"]
[WhiteRD "101"]
[BlackElo "2415"]
[BlackRD "111"]
[GameID "115033"]

1. d4 Nf6 2. c4 e6 3. Nc3 Bb4 4. g3 O-O 5. Bg2 d5 6. Nf3 dxc4 7. O-O Nc6 8. a3 Be7 9. e4 Na5 10. Bg5 Nb3
11. Rb1 a6 12. Bxf6 Bxf6 13. e5 Be7 14. Ne4 b5 15. Neg5 Bb7 16. Nxh7 Kxh7 17. Ng5+ Bxg5 18. Bxb7 Rb8 19. Be4+ Kg8 20. Qh5 g6
21. Bxg6 fxg6 22. Qxg6+ Kh8 23. h4 Bd2 24. f4 Qxd4+ 25. Kh2 Qd7 26. Qh6+ Qh7 27. Qxe6 Bxf4 28. Rxf4 Rxf4 29. gxf4 Qc2+ 30. Kh3 Qd3+
31. Kg4 Rg8+
0-1

[Event "Nimzo Craze"]
[Site "SchemingMind.com"]
[Date "2007.08.03"]
[Round "-"]
[White "badbishop"]
[Black "pompey"]
[Result "1/2-1/2"]
[WhiteCountry "POL"]
[BlackCountry "ENG"]
[WhiteElo "2211"]
[WhiteRD "75"]
[BlackElo "2433"]
[BlackRD "111"]
[GameID "115034"]

1. d4 Nf6 2. c4 e6 3. Nc3 Bb4 4. Qc2 O-O 5. a3 Bxc3+ 6. bxc3 c5 7. e4 d5 8. e5 Ne4 9. Bd3 cxd4 10. cxd4 Nc6
11. Ne2 Qa5+ 12. Kf1 f6 13. Bxe4 dxe4 14. exf6 Rxf6 15. Be3 Bd7 16. Kg1 Rc8 17. h3 Qc7 18. c5 Ne7 19. Bg5 Rf7 20. Bxe7 Rxe7
21. Qxe4 Rf7 22. Rb1 Bc6 23. Qxe6 Re8 24. Qc4 Qd7 25. Rb2 Bd5 26. Qc3 Qc6 27. f3 h5 28. Nc1 Bxf3 29. Rf2 Bd5 30. Rxf7 Kxf7
31. Nd3 Qh6 32. Ne5+ Kg8 33. Qg3 h4 34. Qg4 Qd2 35. Kh2 Bxg2 36. Rd1 Qc2 37. Qxg2 Qxd1 38. Qd5+ Kh8 39. Nf7+ Kh7 40. Ng5+ Kh8=
1/2-1/2

[Event "Nimzo Craze"]
[Site "SchemingMind.com"]
[Date "2007.08.03"]
[Round "-"]
[White "smothered mate"]
[Black "pompey"]
[Result "0-1"]
[WhiteCountry "POL"]
[BlackCountry "ENG"]
[WhiteElo "2008"]
[WhiteRD "75"]
[BlackElo "2415"]
[BlackRD "111"]
[GameID "115035"]

1. d4 Nf6 2. c4 e6 3. Nc3 Bb4 4. Qc2 O-O 5. a3 Bxc3+ 6. bxc3 d5 7. cxd5 exd5 8. Bg5 h6 9. Bh4 c5 10. e3 cxd4
11. exd4 Re8+ 12. Be2 g5 13. Bg3 Qa5 14. Bd6 Bf5 15. Qc1 Ne4 16. Bb4 Qc7 17. f3 Nf6 18. a4 Nc6 19. Kf2 Re6 20. Bd1 Rae8
21. Ne2 Bd3 22. Ng3 Re3 23. Qd2 Ng4+ 24. fxg4 Qf4+ 25. Bf3 Rxf3+
0-1

[Event "Nimzo Craze"]
[Site "SchemingMind.com"]
[Date "2007.08.05"]
[Round "-"]
[White "nimzoking"]
[Black "pompey"]
[Result "0-1"]
[WhiteCountry "ENG"]
[BlackCountry "ENG"]
[WhiteElo "2094"]
[WhiteRD "80"]
[BlackElo "2415"]
[BlackRD "111"]
[GameID "115036"]

1. d4 Nf6 2. c4 e6 3. Nc3 Bb4 4. f3 d5 5. a3 Bxc3+ 6. bxc3 c5 7. Bg5 Qa5 8. Qd2 dxc4 9. Bxf6 gxf6 10. e4 b5
11. dxc5 Na6 12. c6 e5 13. Qe3 Nc5 14. Ra2 Qb6 15. Qh6 Ke7 16. Qg7 Be6 17. Qh6 Rhd8 18. Be2 Rac8 19. Nh3 Nd3+ 20. Bxd3 cxd3
21. Rd2 Bxh3 22. Qxh3 Rxc6
0-1

[Event "Nimzo Craze"]
[Site "SchemingMind.com"]
[Date "2007.08.03"]
[Round "-"]
[White "mi_di"]
[Black "pompey"]
[Result "0-1"]
[WhiteCountry "MEX"]
[BlackCountry "ENG"]
[WhiteElo "1749"]
[WhiteRD "105"]
[BlackElo "2435"]
[BlackRD "110"]
[GameID "115037"]

1. d4 Nf6 2. c4 e6 3. Nc3 Bb4 4. Qc2 O-O 5. a3 Bxc3+ 6. Qxc3 b6 7. Bg5 Bb7 8. e3 d6 9. Ne2 Nbd7 10. Qd3 h6
11. Bh4 Re8 12. Nc3 Nf8 13. Qd1 Ng6 14. Bg3 Rc8 15. Bd3 Bxg2 16. Rg1 Bh3 17. f3 e5 18. dxe5 dxe5 19. Qc2 Nf4 20. Bxf4 exf4
21. e4 Qd4 22. O-O-O Qe3+ 23. Kb1 Qxf3 24. Bf1 Rcd8 25. Rxd8 Rxd8 26. Bxh3 Qxh3 27. Nd5 Nxd5 28. cxd5 Qe3 29. Rc1 Rd7
0-1